000 00668nam a22001937a 4500
005 20160203151415.0
008 160118b xxu||||| |||| 00| 0 eng d
050 _aBX3747.Z3
_bW433
100 _aWeisskopf, John
_921506
245 _aEarly days of the Jesuit Zambesi Mission 1880-1900
_cby Weisskopf, John
260 _aHarare
_bJesuit Province of Zimbabwe-Mozambique
_c2015
300 _a135p.;
_c21cm.
500 _aComputer printout
651 _aChishawasha Mission (Zimbabwe)
_xHistory
_921507
651 _aZambesi Mission
_xHistory
_921508
700 _a Richartz, Francis
_eed.
_921985
700 _aJongeling, Bas
_etr.
_921986
942 _2lcc
_cMONOGRAPH
999 _c123940
_d123940